| 000 | 00503cam a2200193 4500 | ||
|---|---|---|---|
| 001 | D8491 | ||
| 008 | 090401t1979 xxu||||| |||| 00| 0 eng d | ||
| 035 | _a(Sirsi) u94636 | ||
| 041 | _aeng | ||
| 050 | _a614.78 | ||
| 100 | _aSacre, P.E. | ||
| 245 | _aConstruction site noise: legal aspects and control | ||
| 260 |
_aAscot, Berks _bThe Institute of Building _c1979 |
||
| 300 | _a8p. 30cm | ||
| 350 | _a0 | ||
| 490 |
_aSite Management Information Service _vs 79 |
||
| 942 | _n0 | ||
| 948 | _c04/03/1997 | ||
| 999 |
_c98107 _d98107 |
||